Рисунки с натуры художника Маркьяновича

Доступно только в Электронных читальных залах Найти на картеНа карте
RUSMARC
00003443nmc2a2200000 x 450
001d5923e8a-3e07-4f60-97d8-1fe33c6c2b9c
00520160111092455.0
100##$a20150129l18831904k l0rusy0189 ca
1010#$arus
102##$aRU
2001#$aРисунки с натуры художника Маркьяновича
$j1883-1904 гг.
251##$cДело
801#0$aRU
$bРГИА
$c20150129
$gRCR
801#1$aRU
$bГлавНИВЦ
$c20150129
$2rusmarc
801#2$aRU
$bПБ им. Б.Н. Ельцина
$c20160111
$gRCR
$2rusmarc
850##$aРГИА
852##$aРГИА
$eФедеральное казенное учреждение "Российский государственный исторический архив" (РГИА)
$j15
937##$hРГИА
$d12099661
$aASBIBLIO_SCAN
462#0$1001c49a39fc-2669-4b59-bebd-eca990518e14
$12001
$aРаботы учащихся учебных заведений Ведомства учреждений императрицы Марии
$1251
$cОпись
$1852
$j93
461#0$1001fd239d76-f3be-4e65-bf12-40524fd81eef
$12001
$aСобственная его императорского величества канцелярия по учреждениям императрицы Марии
$1251
$cФонд
$1852
$j759
215##$a3 л.
$cил.
$d36,5x26 см
371##$aДокумент не является опубликованным и широко распространяемым
105##$aa###
1220#$ad
035##$ad5923e8a-3e07-4f60-97d8-1fe33c6c2b9c
Формат отображения